Gry i zabawy towarzyskie - Statystyki

Ogólne statystyki
  • Ten quiz został rozwiązany 577 razy
  • Średni wynik to 8 z 10
Statystyki odpowiedzi
Obrazkowy Odpowiedź % Poprawnych
Kręgle
99%
Domino
97%
Skakanka
92%
Papier, kamień, nożyce
91%
Gra w butelkę
89%
Przeciąganie liny
87%
Bierki
85%
Gorące krzesła
85%
Rummikub
30%
Bule
29%
Nie znaleziono quizów pasujących do podanych kryteriów
Rozkład punktacji
Procent ludzi z każdym wynikiem
Percentyl według liczby udzielonych odpowiedzi
Twoja historia wyników
Nie rozwiązałeś tego quizu